000 00449nam a2200181Ia 4500
001 21080
005 20260306172853.0
008 260306t2015||||xx |||||||||||||| ||spa||
041 _aESP
082 _a344
_bM514
100 _aMahiques, Carlos A.
_eAUT
245 0 _aEstudios de derecho penal con motivo del bicentenario
260 _c2015
300 _a595 páginas :
_c23 cm.
650 _aGEN
654 _aCDE
942 _cLIB
_dJUS
_fJUS
_2ddc
_n
999 _c21080
_d21080